| 000 | 00535nam a22001937a 4500 | ||
|---|---|---|---|
| 005 | 20251108175734.0 | ||
| 008 | 250721s2011 xx 000 0 ara d | ||
| 082 | 1 | 4 | _a910.4/ريز |
| 100 | 1 | _aريزفان، يفيم | |
| 245 | 1 | 0 | _aالحج قبل مئة سنة / |
| 250 | _aالرابعة | ||
| 264 | 1 |
_aبيروت : _bدار التقريب، _c2011. |
|
| 300 | _a351ص. | ||
| 650 | 1 | 7 | _aادب الرحلات |
| 650 | 1 | 7 | _aشبه الجزيرة العربية |
| 650 | 1 | 7 | _aالحج |
| 942 |
_2ddc _cBK |
||
| 999 |
_c141232 _d141232 |
||